000 00593nam a22001937a 4500
005 20251108174957.0
008 250721s2010 xx 000 0 ara d
082 1 4 _a811.094/أشع
100 1 _aبسيوني، سمير إبراهيم
245 1 0 _aديوان أشعار ألف ليلة و ليلة /
264 1 _aالقاهرة :
_bمكتبة جزيرة الورد،
_c2010.
300 _a480ص.
650 1 7 _aالادب العربي
650 1 7 _aالشعر العربي
650 1 7 _aالملاحم
650 1 7 _aالشعر الملحمي
942 _2ddc
_cBK
999 _c122995
_d122995